01642 2200289 4500001002100000005001500021035002000036008004100056020001800097041000800115082000800123084001200131100013200143245016800275260004900443300002400492520058600516650003201102650003301134650003201167990002601199990002501225990002501250990002601275990002601301990002501327INLIS00000000000183020221101012058 a0010-0520001830221101 | | eng  a90-6704-141-6 aeng a342 a342 EGO0 aE-Government and Its Implication for Administrative Law: Regulatory Initiative in France, Germany, Norway and The United States1 aE-Government and Its Implication for Administrative Law :bRegulatory Initiative in France, Germany, Norway and The United States /cEdited By. J.E.J Prins [et.al] aThe Haque :bKluwer Law International,c2002 ax, 225 p. ;c25 cm. aMany countries recognise the potential of digital aids in providing information and services to citizens, organisations and companies. Recent developments have put pressure on the legislature to provide an adequate legal framework for electronic administrative communication. This volume provides an overview and analysis of such legislative developments in France, Germany, Norway and the United States, and an insight into the differences in policy making, as well as the lessons that can be learned for future regulatory projects to amend administrative law for the digital era. 4a1.Administrative Law-FRANCE 4a2.Administrative Law-GERMANY 4a3.Administrative Law-NORWAY a07233/MKRI-P/XII-2007 a05815/MKRI-P/IX-2008 a05815/MKRI-P/IX-2008 a07233/MKRI-P/XII-2007 a07233/MKRI-P/XII-2007 a05815/MKRI-P/IX-2008